Veronica marikkan theerumanikkunnu(വെറോനിക്ക മരിക്കാൻ തീരുമാനിക്കുന്നു) (Record no. 115300)

MARC details
000 -LEADER
fixed length control field 00575 a2200181 4500
005 - DATE AND TIME OF LATEST TRANSACTION
control field 20260406145554.0
008 - FIXED-LENGTH DATA ELEMENTS--GENERAL INFORMATION
fixed length control field 260328b |||||||| |||| 00| 0 eng d
020 ## - INTERNATIONAL STANDARD BOOK NUMBER
International Standard Book Number 8126408545
080 ## - UNIVERSAL DECIMAL CLASSIFICATION NUMBER
Universal Decimal Classification number FM
Item number COE/VR
100 ## - MAIN ENTRY--PERSONAL NAME
Personal name Coelho,Paulo
245 ## - TITLE STATEMENT
Title Veronica marikkan theerumanikkunnu(വെറോനിക്ക മരിക്കാൻ തീരുമാനിക്കുന്നു)
250 ## - EDITION STATEMENT
Edition statement 10th ed.
260 ## - PUBLICATION, DISTRIBUTION, ETC. (IMPRINT)
Name of publisher, distributor, etc D C books
Place of publication, distribution, etc Kottayam.
Date of publication, distribution, etc 2023.
300 ## - PHYSICAL DESCRIPTION
Extent 206p.
653 ## - INDEX TERM--UNCONTROLLED
Uncontrolled term Fiction-Novel-Malayalam translation
700 ## - ADDED ENTRY--PERSONAL NAME
Personal name Sreekumar A.V;tr.by
942 ## - ADDED ENTRY ELEMENTS (KOHA)
item type Under processing
Holdings
Lost status Source of classification or shelving scheme Not for loan Home library Current library Date acquired Cost, normal purchase price Total Checkouts Full call number Barcode Date last seen Cost, replacement price Price effective from Koha item type Public note
  Universal Decimal Classification Not For Loan University Library University Library 02/03/2026 160.01   FM COE/VR 00097380 02/03/2026 240.00 02/03/2026 Books processing
University Library, CUSAT